00249nam a2200097Ia 4500001000800000005001700008008004100025020001800066245004700084260002000131126665720260417145118.0260417s9999 xx 000 0 und d a9789752110212 0aKaptan Düşükdon 4. KitapcDav Pilkey bAltın Kitaplar